Biblioteca

Campos de Castilla (Registro nro. 67970)

Detalles MARC
000 -LÍDER
Campo fijo de descripción fija 00997nam a2200241 i 4500
001 - NÚMERO DE CONTROL
Campo de control 768714001
003 - IDENTIFICADOR DEL NÚMERO DE CONTROL
Campo de control CO-MdFUSB
005 - FECHA Y HORA DE LA ULTIMA TRANSACCIÓN
control field 20220715163725.0
007 - CAMPO FIJO DE DESCRIPCIÓN FIJA--INFORMACIÓN GENERAL
Campo fijo de descripción fija ta
008 - ELEMENTOS DE LONGITUD FIJA -- INFORMACIÓN GENERAL
Campo fijo de descripción fija -- Información general 220715t1984 ck |||| |||| 00| 0 spa d
040 ## - FUENTE DE CATALOGACIÓN
Idioma de catalogación spa
Agencia Catalogadora CO-MdFUSB
Agencia que realiza la transcripción CO-MdFUSB
Agencia que realiza la modificación CO-MdFUSBC
Modificador rda
041 ## - CÓDIGO DE IDIOMA
Código de idioma para texto/pista de sonido o título separado spa
100 ## - ASIENTO PRINCIPAL--NOMBRE PERSONAL
Nombre personal García Machado, Antonio.
Término relacionador autor
245 ## - TÍTULO
Título Campos de Castilla
Mención de responsabilidad / Antonio Machado
300 ## - DESCRIPCIÓN FÍSICA
Dimensiones ; Volumen 6, (1984) páginas 107-206
Extensión 22 cm
336 ## - TIPO DE CONTENIDO
Source rdacontent
337 ## - TIPO DE MEDIO
Source rdamedia
338 ## - TIPO DE SOPORTE
Source rdacarrier
520 ## - NOTA DE RESUMEN, ETC.
Nota de sumario, etc. Campos de Castilla es un libro que intenta explicar cómo cualquier tipo de acto, bueno o malo, tiene consecuencias. El más llamativo es sin duda el asesinato del padre a manos de sus propios hijos, y cómo estos son “ajusticiados” finalmente por una “justicia divina”
650 #7 - ASIENTO SECUNDARIO DE MATERIA - TERMINO TEMÁTICO
9 (RLIN) 7089
Término temático o nombre geográfico como elemento de entrada Literatura española
773 0# - ASIENTO DE ITEM FUENTE
Biblionumber 67924
Itemnumber 81145
Asiento principal Oveja Negra,
Otro identificador del ítem 24695
Título Maestros de la literatura universal
Número de control del registro (CO-MdFUSB)768714001
International Standard Book Number 8482806718
942 ## - TIPO DE MATERIAL (KOHA)
Tipo de Item KOHA Libros General

No hay ítems disponibles.

Biblioteca FUSBC | Teléfono: (57+4) 349 88 10 Ext. 141| WhatsApp (+57) 3005338115 
E-mail: biblioteca@unisbc.edu.co | Calle 76 87-14 Robledo Palenque, Medellín, Colombia

Con tecnología Koha